How well do you know Starstruck?! - Statistics

General Stats
  • This quiz has been taken 11 times
  • The average score is 13 of 15
Answer Stats
Question Answer % Correct
Who is Christophers girlfriend? Alexis
100%
Where are they at the end of the movie? A school dance
100%
How do Christopher and Jessica meet? He hit her with a door
100%
Where does Christopher stay the night when he tried to hide from paparazzi? Jessicas grandmas garage
100%
Who does Christopher try to get away from? Paparazzi
100%
Where do Jessica and Christopher and Jessica have an argument? The beach
100%
Where did Jessica cry about Christopher? The telephone booth
100%
What year was the movie released? 2010
83%
What item of Christophers does Jessica really want? His sunglasses
83%
What happened to Jessicas grandmas car? It sunk in mud
83%
What is Jessicas grandmas cars name? Petnunia
83%
What is Jessicas sisters name? Sarah
83%
Where do Jessica and Sarah live? Michigan
67%
What color is Sarahs hair? Red
50%
How old does Sarah have to be to drive or rent a car? 21
33%
No matching quizzes found
Score Distribution
Percent of People with Each Score
Percentile by Number Answered
Your Score History
You have not taken this quiz